1379 1933 1159 1092 1564 1467 1895 1713 1589 1738 1970 1549 1581 1892 1988 1491 1293 1332 1355 1122 1544 1153 1163 1797 1990 1019 1214 1544 1738 1246 1616 1092 1162 1362 1848 1435 1073 1831 1455 1989 1162 1403 1577 1171 1382 1040 1156 1908 1557 1836 1754 1797 1859 1063 1255 1759 1060 1795 1109 1953 1384 1490 1126 1858 1668 1087 1964 1248 1512 1136 1364 1185 1057 1061 1945 1657 1006 1868 1545 1816 1419 1634 1788 1205 1194 1066 1236 1982 1230 1460 1056 1504 1263 1195 1097 1020 1914 1899 1536 BCNSPRNW ULIB Ver.6.0+V

เปลี่ยนเป็นภาษาไทย

Change to English
 แสดงรายละเอียดบรรณานุกรม
  กลับหน้าหลัก

Brief Record : Get Marc (ISO 2709) : E-mail record : QR code < ปิดหน้าต่าง
LEADER : 00000nam 2200000uu 4500
001    13399121997
003     ULIB
008    121218s2547||||th 000 0 tha d
020    ^a9789749716328
060 04 ^aWL 355^bก793ก 2547
245 00 ^aการฟื้นฟูสมรรถภาพผู้ป่วยโรคหลอดเลือดสมอง /^cกิ่งแก้ว ปาจรีย์, บรรณาธิการ
260    ^aกรุงเทพฯ :^bงานตำราวารสารและสิ่งพิมพ์สถานเทคโนโลยีการศึกษาแพทยศาสตร์ คณะแพทยศาสตร์ศิริราชพยาบาลมหาวิทยาลัยมหิดล,^c2547
300    ^a309 หน้า :^bภาพประกอบ
440  0 ^aงานตำราวารสารและสิ่งพิมพ์ รายการที่ 19 (3-2547)
650  2 ^aCerebrovascular disease^xRehabilitation
650  2 ^aStroke
700 00 ^aกิ่งแก้ว ปาจรีย์,^eบรรณาธิการ
945    ^p0^l0^i13863
995    ^a กัณชพร
999 ^a ใช้งานได้ทุกระบบ
รายการนี้ยังไม่มีแท็ก
คุณยังไม่ได้ล็อกอิน คุณสามารถมีกิจกรรมร่วมกับเว็บไซต์ได้ แต่ต้องล็อกอินก่อน ::
  ล็อกอิน

รายการสื่อสารสนเทศ

ลำดับที่ ประเภท เลขเรียก/บาร์โค้ด สถานที่ สถานะ
1. วิทยาศาสตร์การแพทย์ และสุขภาพ
วิทยาศาสตร์การแพทย์ และสุขภาพ
WL 355 ก793ก 2547  
  Barcode: 13863
ห้องสมุดวิทยาเขตสวรรค์ประชารักษ์
►หนังสือทั่วไป
บนชั้น

รายการใกล้เคียง
    หัวเรื่อง [Stroke]

BibComment


ยังไม่เคยถูกคอมเมนท์

คอมเมนท์ทรัพยากรรายการนี้
  คอมเมนท์: การฟื้นฟูสมรรถภา..


 Copyright 2026. Bcnsprnw @Library